[Event "Moscow op (Women) 16th"]
[Site "Moscow"]
[Date "2020.01.31"]
[Round "7"]
[White "Rassokhina, Ekaterina"]
[Black "Frolova, Lada"]
[Result "0-1"]
[WhiteElo "1998"]
[BlackElo "1765"]
[PlyCount "72"]
[EventDate "2020.01.25"]
[EventType "swiss"]
[EventRounds "9"]
[EventCountry "RUS"]
[SourceTitle "CBM 194 Extra"]
[Source "ChessBase"]
[SourceDate "2020.03.31"]
[SourceVersion "1"]
[SourceVersionDate "2020.03.31"]
[SourceQuality "1"]

1. d4 Nf6 2. c4 g6 3. Nc3 d5 4. cxd5 Nxd5 5. e4 Nxc3 6. bxc3 Bg7 7. Bc4 c5 8. Ne2 Nc6 9. Be3 0-0 10. a4 Qa5 11. 0-0 Rd8 12. Qb3 e6 13. d5 exd5 14. Bxd5 Ne5 15. Bg5 Re8 16. f4 c4 17. Qb5 Qxb5 18. axb5 Ng4 19. Rf3 h6 20. Bh4 Bf6 21. Be1 Bd8 22. e5 Bb6+ 23. Nd4 Rd8 24. Bxc4 Rxd4 25. cxd4 Bxd4+ 26. Kh1 Bxa1 27. h3 Nxe5 28. fxe5 Bf5 29. Bd5 Rd8 30. Bxb7 Rd1 31. Re3 Bd4 32. Bf3 Rc1 33. e6 Bxe3 34. e7 Rxe1+ 35. Kh2 Bf4+ 36. g3 Bd6 0-1

[Event "Moscow op (Women) 16th"]
[Site "Moscow"]
[Date "2020.01.29"]
[Round "5"]
[White "Rassokhina, Ekaterina"]
[Black "Diveeva, Daryia"]
[Result "1-0"]
[WhiteElo "1998"]
[BlackElo "1645"]
[PlyCount "99"]
[EventDate "2020.01.25"]
[EventType "swiss"]
[EventRounds "9"]
[EventCountry "RUS"]
[SourceTitle "CBM 194 Extra"]
[Source "ChessBase"]
[SourceDate "2020.03.31"]
[SourceVersion "1"]
[SourceVersionDate "2020.03.31"]
[SourceQuality "1"]

1. d4 d5 2. c4 c6 3. Nc3 Nf6 4. Nf3 dxc4 5. a4 e6 6. e3 c5 7. Bxc4 Nc6 8. 0-0 cxd4 9. exd4 Be7 10. Bf4 0-0 11. Re1 a6 12. d5 exd5 13. Bxd5 Nb4 14. Bb3 Nc6 15. Ne5 Nxe5 16. Bxe5 Qxd1 17. Raxd1 Bg4 18. f3 Bf5 19. g4 Bg6 20. g5 Bc5+ 21. Bd4 Nd7 22. Nd5 Rfe8 23. Bxc5 Rxe1+ 24. Rxe1 Nxc5 25. Nb6 Rd8 26. Bd5 h6 27. gxh6 gxh6 28. a5 Kf8 29. Rc1 Nd3 30. Rc7 Nxb2 31. Rxb7 Nd3 32. Nd7+ Kg7 33. Bc4 Rc8 34. Bxa6 Rc1+ 35. Kg2 Rc2+ 36. Kg3 Nc5 37. Nxc5 Rxc5 38. Bb5 Bf5 39. a6 Bc8 40. Bd7 Bxd7 41. Rxd7 Ra5 42. a7 Ra4 43. Kf2 Ra3 44. Ke2 Kg6 45. Kd2 f6 46. Kc2 Kg5 47. Kb2 Ra6 48. Kb3 Kf4 49. Rd4+ Kxf3 50. Ra4 1-0

[Event "Moscow op (Women) 16th"]
[Site "Moscow"]
[Date "2020.01.26"]
[Round "2"]
[White "Potapova, Margarita"]
[Black "Rassokhina, Ekaterina"]
[Result "1/2-1/2"]
[WhiteElo "2300"]
[BlackElo "1998"]
[PlyCount "115"]
[EventDate "2020.01.25"]
[EventType "swiss"]
[EventRounds "9"]
[EventCountry "RUS"]
[SourceTitle "CBM 194 Extra"]
[Source "ChessBase"]
[SourceDate "2020.03.31"]
[SourceVersion "1"]
[SourceVersionDate "2020.03.31"]
[SourceQuality "1"]

1. d4 Nf6 2. c4 e6 3. Nc3 b6 4. e4 Bb4 5. e5 Ne4 6. Qc2 Bb7 7. Nf3 c5 8. a3 Bxc3+ 9. bxc3 0-0 10. Bd3 f5 11. exf6 Nxf6 12. Bg5 h6 13. Bh4 Bxf3 14. gxf3 cxd4 15. cxd4 Nc6 16. Qb2 e5 17. dxe5 Nxe5 18. Be2 Qc7 19. Bg3 Rae8 20. 0-0 Nh5 21. Qd4 Qc5 22. Rad1 Nxf3+ 23. Bxf3 Qxd4 24. Rxd4 Rxf3 25. Bd6 g5 26. Kg2 Rf6 27. a4 Re2 28. Bb8 Nf4+ 29. Bxf4 Rxf4 30. Rxd7 Rf7 31. Rd6 Kg7 32. a5 bxa5 33. Ra6 Rc2 34. Rxa5 Rxc4 35. Ra2 Rg4+ 36. Kh1 Rgf4 37. Kg2 Kg6 38. Rc1 Rg4+ 39. Kh1 a5 40. Rf1 a4 41. f3 Rb4 42. Rfa1 Rff4 43. Kg2 Kh5 44. Rc1 Kh4 45. Rc6 h5 46. Ra6 Rbc4 47. h3 Rb4 48. Ra8 Rb3 49. R8xa4 Rbxf3 50. Rxf4+ Rxf4 51. Rb2 Rc4 52. Ra2 Rc3 53. Ra4+ g4 54. hxg4 hxg4 55. Ra2 Rf3 56. Ra8 Rg3+ 57. Kh2 Rf3 58. Kg2 1/2-1/2

[Event "Moscow op-B (Women)"]
[Site "Moscow"]
[Date "2016.02.05"]
[Round "7"]
[White "Rassokhina, Ekaterina"]
[Black "Sukhareva, Valentina"]
[Result "0-1"]
[WhiteElo "2030"]
[BlackElo "1835"]
[PlyCount "58"]
[EventDate "2016.01.30"]
[EventType "swiss"]
[EventRounds "9"]
[EventCountry "RUS"]
[SourceTitle "CBM 170 Extra"]
[Source "ChessBase"]
[SourceDate "2016.02.25"]
[SourceVersion "1"]
[SourceVersionDate "2016.02.25"]
[SourceQuality "1"]

1. d4 d5 2. c4 e6 3. Nc3 Nf6 4. Nf3 Be7 5. e3 Nbd7 6. Bd3 b6 7. e4 dxe4 8. Nxe4 Bb7 9. Qe2 0-0 10. 0-0 c5 11. Rd1 Qc7 12. Bg5 Rad8 13. Ne5 Nxe5 14. dxe5 Nxe4 15. Bxe7 Rxd3 16. Qxd3 Qxe7 17. Qd7 Qh4 18. f3 Qf2+ 19. Kh1 Bc8 20. Qd3 Ng5 21. Rd2 Qh4 22. Rad1 h5 23. g3 Qh3 24. Qe3 Qf5 25. Rd8 Bb7 26. Rxf8+ Kxf8 27. Rd8+ Ke7 28. Qd2 Qxf3+ 29. Kg1 Nh3# 0-1

[Event "Moscow op-B (Women)"]
[Site "Moscow"]
[Date "2016.02.04"]
[Round "6"]
[White "Mirzaeva, Gulnara"]
[Black "Rassokhina, Ekaterina"]
[Result "1-0"]
[WhiteElo "1901"]
[BlackElo "2030"]
[PlyCount "63"]
[EventDate "2016.01.30"]
[EventType "swiss"]
[EventRounds "9"]
[EventCountry "RUS"]
[SourceTitle "CBM 170 Extra"]
[Source "ChessBase"]
[SourceDate "2016.02.25"]
[SourceVersion "1"]
[SourceVersionDate "2016.02.25"]
[SourceQuality "1"]

1. e4 c5 2. Nf3 e6 3. d4 cxd4 4. Nxd4 Nf6 5. Nc3 a6 6. e5 Ng8 7. Bd3 Qc7 8. Qe2 Bc5 9. Nb3 Ba7 10. Bf4 Ne7 11. Ne4 0-0 12. Ng5 Ng6 13. Bg3 Nc6 14. Qh5 h6 15. Nxf7 Rxf7 16. Qxg6 Nxe5 17. Qh7+ Kf8 18. 0-0-0 Nxd3+ 19. Rxd3 e5 20. Bh4 Rf4 21. Rg3 g5 22. Qxh6+ Ke8 23. Qg6+ Rf7 24. Rxg5 d6 25. Rh5 Qc4 26. Qg8+ Kd7 27. Qd8+ Ke6 28. Qe8+ Re7 29. Qxe7+ Kd5 30. Rd1+ Bd4 31. Nxd4 Bg4 32. Nf3+ 1-0

[Event "Moscow op-B (Women)"]
[Site "Moscow"]
[Date "2016.01.31"]
[Round "2"]
[White "Tatarinova, Elena"]
[Black "Rassokhina, Ekaterina"]
[Result "0-1"]
[WhiteElo "1793"]
[BlackElo "2030"]
[PlyCount "106"]
[EventDate "2016.01.30"]
[EventType "swiss"]
[EventRounds "9"]
[EventCountry "RUS"]
[SourceTitle "CBM 170 Extra"]
[Source "ChessBase"]
[SourceDate "2016.02.25"]
[SourceVersion "1"]
[SourceVersionDate "2016.02.25"]
[SourceQuality "1"]

1. c4 e6 2. g3 Nf6 3. Bg2 d5 4. cxd5 exd5 5. Nf3 Bd6 6. 0-0 0-0 7. d3 c6 8. Nbd2 Re8 9. b3 Bg4 10. Bb2 Nbd7 11. Re1 Ne5 12. Qc2 Qc7 13. e4 dxe4 14. dxe4 Nxf3+ 15. Nxf3 Bxf3 16. Bxf3 Be5 17. Bg2 Rad8 18. Kh1 Ng4 19. Bxe5 Qxe5 20. Rad1 Rxd1 21. Rxd1 Qh5 22. Kg1 Qxh2+ 23. Kf1 Qxg3 24. fxg3 Ne3+ 25. Kf2 Nxc2 26. Rd7 Rb8 27. Bh3 Nb4 28. e5 Nxa2 29. e6 fxe6 30. Bxe6+ Kh8 31. Rc7 Nc3 32. Kf3 Nd5 33. Bxd5 cxd5 34. Rd7 a5 35. Rxd5 b5 36. Rd4 Ra8 37. Ke3 a4 38. bxa4 bxa4 39. Rd2 a3 40. Ra2 g5 41. Ke4 Kg7 42. Kf5 Ra5+ 43. Kg4 Kg6 44. Kf3 h5 45. Kg2 Kf5 46. Kh3 Ke4 47. g4 hxg4+ 48. Kxg4 Kd3 49. Kf3 Kc3 50. Re2 a2 51. Re3+ Kd2 52. Re2+ Kd1 53. Rg2 a1Q 0-1

[Event "Moscow op-B (Women)"]
[Site "Moscow"]
[Date "2016.01.30"]
[Round "1"]
[White "Rassokhina, Ekaterina"]
[Black "Vasilevich, Tatjana"]
[Result "0-1"]
[WhiteElo "2030"]
[BlackElo "2380"]
[PlyCount "74"]
[EventDate "2016.01.30"]
[EventType "swiss"]
[EventRounds "9"]
[EventCountry "RUS"]
[SourceTitle "CBM 170 Extra"]
[Source "ChessBase"]
[SourceDate "2016.02.25"]
[SourceVersion "1"]
[SourceVersionDate "2016.02.25"]
[SourceQuality "1"]

1. d4 Nf6 2. c4 c5 3. d5 b5 4. Nf3 g6 5. a4 bxc4 6. Nc3 d6 7. e4 Ba6 8. a5 Nbd7 9. Qa4 Rb8 10. Qc6 Qc8 11. Ra4 Ng4 12. h3 Bh6 13. Bxh6 Nxh6 14. g4 f6 15. Bxc4 Bxc4 16. Qxc8+ Rxc8 17. Rxc4 Rb8 18. Na4 0-0 19. Ke2 Rb5 20. b4 Nf7 21. Rb1 Nfe5 22. Nxe5 Nxe5 23. Rcc1 Rfb8 24. f4 Nd7 25. Rb2 Rxb4 26. Rxb4 Rxb4 27. Nc3 f5 28. exf5 gxf5 29. Rb1 fxg4 30. hxg4 a6 31. Ke3 Nf6 32. Rxb4 cxb4 33. Na4 Nxg4+ 34. Kd4 h5 35. Nb2 h4 36. Nd3 h3 37. Ne1 h2 0-1

[Event "St Petersburg Botvinnik Memorial op"]
[Site "St Petersburg"]
[Date "2012.09.01"]
[Round "8"]
[White "Aleksandrov, Grigoriy"]
[Black "Rassokhina, Ekaterina"]
[Result "0-1"]
[WhiteElo "1845"]
[BlackElo "2062"]
[PlyCount "68"]
[EventDate "2012.08.25"]
[EventType "swiss"]
[EventRounds "9"]
[EventCountry "RUS"]
[SourceTitle "CBM 150 Extra"]
[Source "ChessBase"]
[SourceDate "2012.10.19"]
[SourceVersion "1"]
[SourceVersionDate "2012.10.19"]
[SourceQuality "1"]

1. d4 Nf6 2. c4 e6 3. e3 b6 4. Nc3 Bb7 5. Nf3 Bb4 6. Bd2 0-0 7. Bd3 Bxc3 8. Bxc3 Ne4 9. 0-0 f5 10. Bxe4 fxe4 11. Nd2 d5 12. Qg4 Qd6 13. c5 Qe7 14. Bb4 Nc6 15. Bc3 Ba6 16. Rfe1 Rf6 17. f4 exf3 18. Nxf3 Bd3 19. cxb6 axb6 20. Nd2 Raf8 21. g3 Nb4 22. Bxb4 Qxb4 23. Nb3 c5 24. Qd1 c4 25. Qd2 Qb5 26. Nc1 Rf1+ 27. Rxf1 Rxf1+ 28. Kg2 c3 29. Qxc3 Be4+ 30. Kh3 Qe8 31. g4 Rf3+ 32. Kh4 g5+ 33. Kxg5 Qg6+ 34. Kh4 Qh6# 0-1

[Event "St Petersburg Botvinnik Memorial op"]
[Site "St Petersburg"]
[Date "2012.08.30"]
[Round "6"]
[White "Myshkin, Nikita"]
[Black "Rassokhina, Ekaterina"]
[Result "1-0"]
[WhiteElo "2299"]
[BlackElo "2062"]
[PlyCount "93"]
[EventDate "2012.08.25"]
[EventType "swiss"]
[EventRounds "9"]
[EventCountry "RUS"]
[SourceTitle "CBM 150 Extra"]
[Source "ChessBase"]
[SourceDate "2012.10.19"]
[SourceVersion "1"]
[SourceVersionDate "2012.10.19"]
[SourceQuality "1"]

1. Nf3 d5 2. c4 e6 3. g3 b6 4. Bg2 Bb7 5. 0-0 Nf6 6. d4 Nbd7 7. Qa4 dxc4 8. Rd1 a6 9. Qxc4 Rc8 10. Ng5 b5 11. Qd3 Bxg2 12. Kxg2 c5 13. dxc5 Bxc5 14. Nc3 0-0 15. a4 Qb6 16. axb5 Ne5 17. Qb1 axb5 18. Nce4 Qb7 19. Kg1 Nxe4 20. Qxe4 Qxe4 21. Nxe4 Bb6 22. Ra6 Rfd8 23. Rxd8+ Bxd8 24. Bf4 Nc4 25. b3 e5 26. bxc4 exf4 27. Nd6 Rb8 28. Nxb5 fxg3 29. hxg3 Kf8 30. Kg2 Bb6 31. Nc3 Ke8 32. Nd5 Bd4 33. e3 Bc5 34. Kf3 Kd7 35. Ra5 Kd6 36. Nc3 Kc6 37. Ne4 Bb4 38. Ra7 f5 39. Ng5 h6 40. Ne6 g5 41. Nd4+ Kc5 42. Rc7+ Kb6 43. Rc6+ Kb7 44. Rxh6 Rc8 45. Nxf5 Rxc4 46. Nd6+ Bxd6 47. Rxd6 1-0

[Event "St Petersburg Botvinnik Memorial op"]
[Site "St Petersburg"]
[Date "2012.08.27"]
[Round "3"]
[White "Rassokhina, Ekaterina"]
[Black "Solovyov, Viktor"]
[Result "1-0"]
[WhiteElo "2062"]
[BlackElo "2278"]
[PlyCount "82"]
[EventDate "2012.08.25"]
[EventType "swiss"]
[EventRounds "9"]
[EventCountry "RUS"]
[SourceTitle "CBM 150 Extra"]
[Source "ChessBase"]
[SourceDate "2012.10.19"]
[SourceVersion "1"]
[SourceVersionDate "2012.10.19"]
[SourceQuality "1"]

1. d4 Nf6 2. c4 e6 3. Nf3 d5 4. Nc3 dxc4 5. e3 a6 6. Bxc4 c5 7. a4 Nc6 8. 0-0 Be7 9. Ne5 cxd4 10. Nxc6 bxc6 11. exd4 0-0 12. Re1 Bb7 13. Bf4 Nd5 14. Nxd5 cxd5 15. Bd3 Bd6 16. Bxd6 Qxd6 17. Qb1 g6 18. b4 Rfc8 19. Qb2 Rc7 20. Rac1 Rac8 21. Rc5 Rb8 22. Rec1 Re7 23. b5 e5 24. Qd2 exd4 25. bxa6 Bxa6 26. Rc6 Qxc6 27. Rxc6 Bxd3 28. h4 Bc4 29. Qxd4 h5 30. a5 Ra8 31. f4 Ree8 32. f5 Re1+ 33. Kh2 Re4 34. Qf6 Rf4 35. Qg5 Rg4 36. Qe7 gxf5 37. Rh6 Rg7 38. Qf6 Bf1 39. Rxh5 Rxg2+ 40. Kh1 Rg7 41. Qh6 Kf8 1-0

[Event "St Petersburg Botvinnik Memorial op"]
[Site "St Petersburg"]
[Date "2012.08.25"]
[Round "1"]
[White "Rassokhina, Ekaterina"]
[Black "Bukavshin, Ivan"]
[Result "0-1"]
[WhiteElo "2062"]
[BlackElo "2476"]
[PlyCount "92"]
[EventDate "2012.08.25"]
[EventType "swiss"]
[EventRounds "9"]
[EventCountry "RUS"]
[SourceTitle "CBM 150 Extra"]
[Source "ChessBase"]
[SourceDate "2012.10.19"]
[SourceVersion "1"]
[SourceVersionDate "2012.10.19"]
[SourceQuality "1"]

1. d4 Nf6 2. c4 e6 3. Nf3 d5 4. Nc3 c6 5. e3 Nbd7 6. Bd3 dxc4 7. Bxc4 b5 8. Bd3 a6 9. 0-0 c5 10. b3 Bb7 11. Bb2 Bd6 12. Qe2 0-0 13. Rad1 Qc7 14. h3 Rac8 15. Ng5 cxd4 16. exd4 Bb4 17. Nce4 h6 18. a3 Be7 19. Rc1 Qb6 20. Nxf6+ Nxf6 21. Ne4 Rfd8 22. b4 Nxe4 23. Bxe4 Bf6 24. Rxc8 Rxc8 25. Rd1 Rd8 26. Qf3 Bxe4 27. Qxe4 g6 28. Kh1 Rd5 29. Rc1 Kg7 30. Rc5 Rd6 31. Qe2 Qd8 32. d5 exd5 33. Bxf6+ Qxf6 34. Rc8 Re6 35. Qd2 d4 36. Rc5 Rd6 37. Kg1 d3 38. Rc3 Qd4 39. Rb3 Qa1+ 40. Kh2 Qe5+ 41. f4 Qe2 42. Qc3+ Kh7 43. Qc7 Qe6 44. Rb1 d2 45. Rd1 Qf6 46. g3 Qe6 0-1

[Event "RUS-chT (Women) 13th"]
[Site "Sochi"]
[Date "2012.04.15"]
[Round "7"]
[White "Kovalevskaya, Ekaterina"]
[Black "Rassokhina, Ekaterina"]
[Result "1/2-1/2"]
[WhiteElo "2419"]
[BlackElo "2050"]
[PlyCount "81"]
[EventDate "2012.04.09"]
[EventType "team-tourn"]
[EventRounds "7"]
[EventCountry "RUS"]
[SourceTitle "CBM 147 Extra"]
[Source "ChessBase"]
[SourceDate "2012.04.24"]
[SourceVersion "1"]
[SourceVersionDate "2012.04.24"]
[SourceQuality "1"]
[WhiteTeam "Moscow ShSM-RGSU (W)"]
[BlackTeam "Nizhny Tagil Politekhnik (W)"]
[WhiteTeamCountry "RUS"]
[BlackTeamCountry "RUS"]

1. Nf3 d5 2. g3 Nc6 3. d4 Bf5 4. Bg2 Nf6 5. 0-0 e6 6. c4 dxc4 7. Qa4 Bd6 8. Qxc4 0-0 9. Nc3 e5 10. d5 Na5 11. Qa4 c6 12. Bg5 b5 13. Bxf6 gxf6 14. Qd1 b4 15. Na4 cxd5 16. Nh4 Be6 17. Bxd5 Rc8 18. e4 Nc6 19. Bxc6 Rxc6 20. b3 Bc5 21. Qf3 Bd4 22. Rac1 Qc7 23. Rxc6 Qxc6 24. Qxf6 Qxe4 25. Qg5+ Kh8 26. Qf6+ Kg8 27. Qg5+ Kh8 28. Qf6+ Kg8 29. Qg5+ Kh8 30. Qf6+ Kg8 31. Qg5+ Kh8 32. Qf6+ Kg8 33. Qg5+ Kh8 34. Qf6+ Kg8 35. Qg5+ Kh8 36. Qf6+ Kg8 37. Qg5+ Kh8 38. Qf6+ Kg8 39. Qg5+ Kh8 40. Qf6+ Kg8 41. Qg5+ 1/2-1/2

[Event "RUS-chT (Women) 13th"]
[Site "Sochi"]
[Date "2012.04.14"]
[Round "6"]
[White "Rassokhina, Ekaterina"]
[Black "Ubiennykh, Ekaterina"]
[Result "0-1"]
[WhiteElo "2050"]
[BlackElo "2307"]
[PlyCount "84"]
[EventDate "2012.04.09"]
[EventType "team-tourn"]
[EventRounds "7"]
[EventCountry "RUS"]
[SourceTitle "CBM 147 Extra"]
[Source "ChessBase"]
[SourceDate "2012.04.24"]
[SourceVersion "1"]
[SourceVersionDate "2012.04.24"]
[SourceQuality "1"]
[WhiteTeam "Nizhny Tagil Politekhnik (W)"]
[BlackTeam "Yamal (W)"]
[WhiteTeamCountry "RUS"]
[BlackTeamCountry "RUS"]

1. d4 d5 2. Nf3 Nf6 3. c4 c6 4. e3 a6 5. a4 e6 6. Nc3 Bb4 7. Bd2 0-0 8. Bd3 dxc4 9. Bxc4 c5 10. 0-0 Nc6 11. Na2 Bxd2 12. Qxd2 cxd4 13. exd4 Qd6 14. b4 b6 15. Rfd1 Rd8 16. Rac1 Bb7 17. h3 Ne4 18. Qe1 Ne7 19. b5 axb5 20. axb5 Ra4 21. Nc3 Nxc3 22. Qxc3 Ra3 23. Bb3 Nd5 24. Qb2 Qb4 25. Nd2 Nf4 26. Rc4 Qe7 27. f3 Bd5 28. Nb1 Rxb3 29. Qxb3 Qg5 30. Rd2 Nxh3+ 31. Kf1 Nf4 32. Nc3 Bxc4+ 33. Qxc4 Qh4 34. Qc7 Ra8 35. Qc6 Ra1+ 36. Rd1 Rxd1+ 37. Nxd1 Qh1+ 38. Kf2 Qxg2+ 39. Ke3 Nd5+ 40. Kd3 Nb4+ 41. Kc4 Nxc6 42. bxc6 Qe2+ 0-1

[Event "Urals-ch (Women)"]
[Site "Russia"]
[Date "2012.03.04"]
[Round "9"]
[White "Yakupova, Aysyla"]
[Black "Rassokhina, Ekaterina"]
[Result "1/2-1/2"]
[WhiteElo "2089"]
[BlackElo "2064"]
[PlyCount "95"]
[EventDate "2012.02.25"]
[EventType "swiss"]
[EventRounds "9"]
[EventCountry "RUS"]
[SourceTitle "EXT 2014"]
[Source "ChessBase"]
[SourceDate "2013.11.20"]
[SourceVersion "1"]
[SourceVersionDate "2013.11.20"]
[SourceQuality "1"]

1. e4 c5 2. Nf3 e6 3. d4 cxd4 4. Nxd4 a6 5. c4 Nf6 6. Bd3 Nc6 7. Nxc6 dxc6 8. 0-0 e5 9. h3 Bc5 10. Qc2 Be6 11. Nc3 b5 12. Bg5 0-0 13. Nd1 Qd4 14. Be3 Qd6 15. Bxc5 Qxc5 16. b3 bxc4 17. Bxc4 Bxc4 18. Qxc4 Qxc4 19. bxc4 Nxe4 20. Re1 Nd2 21. Rxe5 Rfe8 22. Rxe8+ Rxe8 23. Ne3 Re4 24. Rc1 g6 25. Rc2 Rd4 26. Rb2 f5 27. Rb6 f4 28. Nf1 Nxc4 29. Rxc6 a5 30. g3 f3 31. Ne3 Nxe3 32. fxe3 Rd2 33. a4 Rg2+ 34. Kf1 Rxg3 35. Rc5 Rxh3 36. Kf2 h6 37. Rxa5 g5 38. Rf5 g4 39. a5 Kg7 40. a6 Kg6 41. a7 Rh2+ 42. Kg3 Rg2+ 43. Kh4 Ra2 44. Kxg4 h5+ 45. Rxh5 Ra4+ 46. e4 Rxe4+ 47. Kxf3 Ra4 48. Rb5 1/2-1/2

[Event "Urals-ch (Women)"]
[Site "Russia"]
[Date "2012.03.02"]
[Round "7"]
[White "Sorokina, Natalay"]
[Black "Rassokhina, Ekaterina"]
[Result "0-1"]
[WhiteElo "1680"]
[BlackElo "2064"]
[PlyCount "102"]
[EventDate "2012.02.25"]
[EventType "swiss"]
[EventRounds "9"]
[EventCountry "RUS"]
[SourceTitle "EXT 2014"]
[Source "ChessBase"]
[SourceDate "2013.11.20"]
[SourceVersion "1"]
[SourceVersionDate "2013.11.20"]
[SourceQuality "1"]

1. e4 c5 2. b3 Nc6 3. Bb2 d6 4. f4 e6 5. Bb5 Bd7 6. Nf3 Nf6 7. d3 a6 8. Bxc6 Bxc6 9. Nbd2 Be7 10. 0-0 d5 11. Ne5 Qb6 12. Nxc6 Qxc6 13. exd5 Nxd5 14. Qf3 Bf6 15. Bxf6 gxf6 16. c4 Nb4 17. a3 Qxf3 18. Rxf3 Nc2 19. Ra2 Nd4 20. Re3 f5 21. b4 b6 22. bxc5 bxc5 23. Rb2 Ke7 24. Rb7+ Kf6 25. Rc7 Rhc8 26. Rxc8 Rxc8 27. Kf2 Rb8 28. Re5 Rb2 29. Ke3 Nc2+ 30. Ke2 Nxa3 31. Ke3 Nc2+ 32. Ke2 Nd4+ 33. Ke3 a5 34. Rxc5 Nc2+ 35. Ke2 a4 36. Kd1 Ne3+ 37. Ke2 Nxg2 38. Ra5 Nxf4+ 39. Ke3 Ng2+ 40. Ke2 f4 41. Kd1 Ne3+ 42. Ke2 Nf5 43. Ke1 Ra2 44. c5 Nd4 45. Ra6 Nc2+ 46. Ke2 Nb4 47. Ra8 f3+ 48. Kxf3 Rxd2 49. Rxa4 Rxd3+ 50. Ke4 Rh3 51. Kd4 Nc6+ 0-1

[Event "Urals-ch (Women)"]
[Site "Russia"]
[Date "2012.02.27"]
[Round "3"]
[White "Saunina, Ludmila"]
[Black "Rassokhina, Ekaterina"]
[Result "1-0"]
[WhiteElo "2300"]
[BlackElo "2064"]
[PlyCount "121"]
[EventDate "2012.02.25"]
[EventType "swiss"]
[EventRounds "9"]
[EventCountry "RUS"]
[SourceTitle "EXT 2014"]
[Source "ChessBase"]
[SourceDate "2013.11.20"]
[SourceVersion "1"]
[SourceVersionDate "2013.11.20"]
[SourceQuality "1"]

1. g3 Nf6 2. Bg2 e6 3. Nf3 c5 4. d3 d5 5. Nbd2 Nc6 6. 0-0 Bd6 7. c3 e5 8. e4 dxe4 9. dxe4 0-0 10. Qc2 Qe7 11. Nc4 Be6 12. Ne3 Rfd8 13. Nh4 c4 14. Nd5 Bxd5 15. exd5 Nb8 16. Nf5 Qc7 17. Qd2 Bf8 18. Qg5 Na6 19. d6 Qd7 20. Be3 Ne8 21. Bh3 Kh8 22. Qh4 Bxd6 23. Qxc4 g6 24. Nxd6 Nxd6 25. Qh4 Nf5 26. Qf6+ Kg8 27. Qxe5 Nh4 28. Bxd7 Nf3+ 29. Kg2 Nxe5 30. Bb5 Nc7 31. Be2 Nd5 32. Bd4 Nc6 33. Rad1 Nxd4 34. Rxd4 Nb6 35. Rfd1 Rxd4 36. Rxd4 Re8 37. Bf3 Re7 38. Rb4 Kg7 39. b3 f5 40. a4 g5 41. a5 g4 42. axb6 gxf3+ 43. Kxf3 axb6 44. Rxb6 Rc7 45. c4 Rf7 46. Kf4 h6 47. h4 Kh7 48. f3 Kg7 49. h5 Kh7 50. Rb5 Rf6 51. Rxb7+ Kg8 52. Rb5 Kg7 53. Rxf5 Rb6 54. Rb5 Rf6+ 55. Kg4 Rd6 56. c5 Rd5 57. f4 Rd4 58. b4 Kf7 59. Rb7+ Kf8 60. c6 Ke8 61. Rb8+ 1-0

[Event "RUS-chT (Women) 12th"]
[Site "Olginka"]
[Date "2011.04.16"]
[Round "1"]
[White "Turova, Irina"]
[Black "Rassokhina, Ekaterina"]
[Result "1-0"]
[WhiteElo "2428"]
[BlackElo "2055"]
[PlyCount "141"]
[EventDate "2011.04.16"]
[EventType "team-tourn"]
[EventRounds "7"]
[EventCountry "RUS"]
[SourceTitle "EXT 2020"]
[Source "ChessBase"]
[SourceDate "2019.10.17"]
[SourceVersion "1"]
[SourceVersionDate "2019.10.17"]
[SourceQuality "1"]
[WhiteTeam "Rook (W)"]
[BlackTeam "Nizhny Tagil Politekhnik (W)"]
[WhiteTeamCountry "RUS"]
[BlackTeamCountry "RUS"]

1. d4 Nf6 2. c4 e6 3. Nc3 d5 4. cxd5 exd5 5. Bg5 Be7 6. e3 c6 7. Bd3 0-0 8. Qc2 Nbd7 9. Nf3 Re8 10. 0-0 Nf8 11. h3 Ne4 12. Bf4 f5 13. Ne5 Nd7 14. f3 Nxc3 15. bxc3 Nxe5 16. Bxe5 Bf6 17. f4 g6 18. c4 Be6 19. c5 Bxe5 20. fxe5 Qg5 21. Rf3 Re7 22. Raf1 Rf8 23. Qa4 a6 24. Qc2 Ref7 25. Qf2 Kh8 26. Rg3 Qh6 27. Qf4 Qxf4 28. exf4 Kg7 29. Be2 Rh8 30. Rb3 h5 31. Rfb1 Bc8 32. Rg3 Kh6 33. Kf2 h4 34. Rg5 Rfh7 35. Rb3 Kg7 36. g4 hxg3+ 37. Rbxg3 Rh6 38. h4 Kf7 39. h5 gxh5 40. Rg7+ Ke6 41. Bxh5 Rf8 42. R3g5 Bd7 43. Ke3 Be8 44. Bxe8 Rxe8 45. Rxb7 Reh8 46. Rg3 Rh3 47. Kf3 Rxg3+ 48. Kxg3 Rg8+ 49. Kf3 Rg1 50. Rc7 Rd1 51. Rxc6+ Ke7 52. Rxa6 Rd3+ 53. Ke2 Rxd4 54. Ke3 Re4+ 55. Kf3 d4 56. Rd6 Re3+ 57. Kf2 Re4 58. Kg3 Re3+ 59. Kh4 Rc3 60. Rxd4 Rxc5 61. Kg5 Ra5 62. Kxf5 Rxa2 63. Rb4 Ra7 64. Ke4 Rc7 65. f5 Kf7 66. Kf4 Re7 67. f6 Rc7 68. Kf5 Rc1 69. e6+ Kg8 70. Rb8+ Kh7 71. e7 1-0

[Event "RUS-ch (Women) 1st League 61st"]
[Site "Ivanovo"]
[Date "2011.03.01"]
[Round "9"]
[White "Sukhareva, Evgenia"]
[Black "Rassokhina, Ekaterina"]
[Result "1-0"]
[WhiteElo "2180"]
[BlackElo "2076"]
[PlyCount "83"]
[EventDate "2011.02.21"]
[EventType "swiss"]
[EventRounds "9"]
[EventCountry "RUS"]
[SourceTitle "CBM 141 Extra"]
[Source "ChessBase"]
[SourceDate "2011.05.03"]
[SourceVersion "1"]
[SourceVersionDate "2011.05.03"]
[SourceQuality "1"]

1. d4 Nf6 2. c4 e6 3. Nf3 b6 4. a3 Bb7 5. Nc3 d6 6. Qc2 Nbd7 7. e4 e5 8. d5 a5 9. Be2 Nc5 10. b3 Be7 11. Rb1 0-0 12. 0-0 Ne8 13. Be3 g6 14. b4 axb4 15. axb4 Nd7 16. c5 dxc5 17. bxc5 Bxc5 18. Bxc5 Nxc5 19. Nxe5 Qe7 20. Nc4 Nd6 21. Nxd6 Qxd6 22. f4 f6 23. Bb5 Ba6 24. Rbe1 Bxb5 25. Nxb5 Qd7 26. Nc3 Na4 27. Nxa4 Rxa4 28. e5 Rd4 29. d6 c5 30. Qb3+ Kh8 31. Qxb6 Rd5 32. h3 fxe5 33. fxe5 Re8 34. Ra1 Qg7 35. Ra7 Qg8 36. Rff7 Rexe5 37. Qb7 Re1+ 38. Kh2 Rh5 39. Rg7 Qf8 40. Rxh7+ Kg8 41. Qb3+ c4 42. Qxc4+ 1-0

[Event "RUS-ch (Women) 1st League 61st"]
[Site "Ivanovo"]
[Date "2011.02.26"]
[Round "6"]
[White "Rassokhina, Ekaterina"]
[Black "Trapeznikova, Darya"]
[Result "1-0"]
[WhiteElo "2076"]
[BlackElo "1991"]
[PlyCount "67"]
[EventDate "2011.02.21"]
[EventType "swiss"]
[EventRounds "9"]
[EventCountry "RUS"]
[SourceTitle "CBM 141 Extra"]
[Source "ChessBase"]
[SourceDate "2011.05.03"]
[SourceVersion "1"]
[SourceVersionDate "2011.05.03"]
[SourceQuality "1"]

1. d4 d5 2. c4 c6 3. Nf3 Nf6 4. e3 e6 5. Nbd2 Nbd7 6. Bd3 Bd6 7. e4 e5 8. 0-0 0-0 9. exd5 cxd5 10. cxd5 exd4 11. Nc4 Bc5 12. Bg5 b5 13. Nce5 Nxe5 14. Nxe5 Qd6 15. Qc2 Nxd5 16. Bxh7+ Kh8 17. Qe4 Nf6 18. Bxf6 Qxf6 19. Qxa8 Kxh7 20. Nd3 Bf5 21. Qf3 Bb6 22. Rfe1 Rc8 23. Rac1 Rxc1 24. Rxc1 Qg5 25. h4 Qg6 26. Ne5 Qe6 27. Rc6 Qxe5 28. Qh5+ Kg8 29. Rc8+ Bxc8 30. Qxe5 Be6 31. Qxb5 Bxa2 32. b3 g6 33. Qd3 Kg7 34. Qc2 1-0